000 00361nam a2200145Ia 4500
008 230711s9999||||xx |||||||||||||| ||und||
041 _aENG
082 _a621
_bIS-D
100 _aIsermann,Rolf
245 0 _aDigital control systems
250 _a2nd Ed.
260 _c1993
_aNew Delhi
_bNarosa Publishing House
650 _aElectrical Engineering
942 _cBK
999 _c3197
_d3197